[Event "Bahn-chS 75"]
[Site "Bad Wildungen"]
[Date "2000.09.26"]
[Round "3"]
[White "Siebel, Willi"]
[Black "Gsell, Josef"]
[Result "0-1"]
[WhiteElo "1333"]
[BlackElo "1749"]
[PlyCount "90"]
[EventDate "2000.09.24"]
[EventType "swiss"]
[EventRounds "7"]
[EventCountry "GER"]
[SourceTitle "EXT 2003"]
[Source "ChessBase"]
[SourceDate "2002.11.25"]
[SourceVersion "1"]
[SourceVersionDate "2002.11.25"]
[SourceQuality "1"]

1. e4 g6 2. d4 Bg7 3. Be3 c6 4. Nf3 d5 5. e5 f6 6. c3 Bg4 7. Bf4 Nd7 8. Qe2 Bxf3 9. gxf3 e6 10. Bh3 f5 11. Rg1 Qh4 12. Bg5 Qxh3 13. Nd2 Bh6 14. f4 Bxg5 15. Rxg5 Ne7 16. Nf3 h6 17. Rg3 Qh5 18. 0-0-0 Rg8 19. h4 g5 20. fxg5 hxg5 21. Rh1 g4 22. Nd2 Ng6 23. f3 Ne7 24. f4 Ng6 25. Qf2 Rh8 26. Rgg1 Ke7 27. Qg3 Qh6 28. Rf1 Qh5 29. Rh2 Rh7 30. Rfh1 Rah8 31. Nf1 Qh6 32. Kc2 Qxf4 33. h5 Qxg3 34. Nxg3 Nf4 35. h6 Nh3 36. Rf1 Rxh6 37. Kb3 Nf8 38. Ne2 Ng5 39. Rg2 Ng6 40. Ng3 f4 41. Ne2 g3 42. Nxf4 Nxf4 43. Rxf4 Ne4 44. Rg4 Rh2 45. Rg7+ Kf8 0-1

[Event "Bahn-chS 75"]
[Site "Bad Wildungen"]
[Date "2000.09.25"]
[Round "2"]
[White "Gsell, Josef"]
[Black "Hochhaus, Oswald"]
[Result "0-1"]
[WhiteElo "1749"]
[BlackElo "1596"]
[PlyCount "144"]
[EventDate "2000.09.24"]
[EventType "swiss"]
[EventRounds "7"]
[EventCountry "GER"]
[SourceTitle "EXT 2003"]
[Source "ChessBase"]
[SourceDate "2002.11.25"]
[SourceVersion "1"]
[SourceVersionDate "2002.11.25"]
[SourceQuality "1"]

1. Nf3 Nf6 2. c4 e6 3. d4 d5 4. g3 c6 5. Bg2 Nbd7 6. Qc2 Be7 7. 0-0 Ne4 8. Nbd2 f5 9. Nxe4 fxe4 10. Ne5 Nxe5 11. dxe5 0-0 12. c5 Qc7 13. Qc3 Rf5 14. Be3 Bd7 15. f3 exf3 16. exf3 Qxe5 17. Bd4 Qe2 18. Rfe1 Qc4 19. Qxc4 dxc4 20. Rac1 Bxc5 21. Bxc5 Rxc5 22. b4 Rd5 23. Rxc4 Rd2 24. a4 b5 25. axb5 cxb5 26. Rc7 a5 27. f4 Ra6 28. bxa5 Rxa5 29. Bh3 Kf8 30. Rb7 h6 31. Rb8+ Kf7 32. Rb7 Kg6 33. Bf1 Raa2 34. Re2 Rxe2 35. Bxe2 Rxe2 36. Rxd7 Rb2 37. Rd6 Kf6 38. g4 Rb4 39. g5+ hxg5 40. fxg5+ Ke5 41. Rb6 Rg4+ 42. Kf2 b4 43. Rb5+ Kd6 44. Kf3 Rc4 45. Ke3 e5 46. Kd3 Rd4+ 47. Ke3 Ke6 48. Rb8 Kf5 49. Rb7 g6 50. Rb5 Rc4 51. Kd3 Re4 52. Rc5 Kf4 53. Rb5 b3 54. Kc3 Re2 55. Kxb3 Kxg5 56. Kc3 Kf4 57. Kd3 Rxh2 58. Rb8 e4+ 59. Kd4 Rd2+ 60. Kc4 Rd6 61. Rf8+ Ke3 62. Rf7 Ke2 63. Rc7 e3 64. Kc3 g5 65. Rc5 g4 66. Rg5 Kf3 67. Rf5+ Ke4 68. Rf8 g3 69. Re8+ Kf3 70. Rf8+ Ke2 71. Rg8 Kd1 72. Rxg3 e2 0-1